[Event "IV Open A"]
[Site "Padova ITA"]
[Date "2001.12.23"]
[Round "5"]
[White "Giordan, Daniele"]
[Black "Pechy, Alaster"]
[Result "0-1"]
[WhiteElo "1425"]
[BlackElo "1672"]
[PlyCount "144"]
[EventDate "2001.12.15"]

1. e4 c5 2. c3 d5 3. Nf3 dxe4 4. Qa4+ Bd7 5. Qxe4 Nc6 6. Bc4 Nf6 7. Qe2 e6 8.
O-O Qc7 9. d3 Na5 10. Na3 a6 11. d4 cxd4 12. Nxd4 Bxa3 13. Nxe6 Bxe6 14. Bxe6
fxe6 15. bxa3 e5 16. f4 e4 17. f5 O-O 18. Bf4 Qc4 19. Qf2 Nd5 20. Be5 Nc6 21.
Bd4 Rae8 22. Rae1 Nxd4 23. cxd4 e3 24. Qb2 e2 25. Rf2 Qc3 26. Rexe2 Qxb2 27.
Rxb2 Re1+ 28. Rf1 Rxf1+ 29. Kxf1 Rxf5+ 30. Ke2 Rf7 31. Kd3 Rc7 32. Ke4 Nf6+ 33.
Kf5 Kf7 34. Rd2 Rd7 35. g4 h6 36. h4 g5 37. d5 Rxd5+ 38. Rxd5 Nxd5 39. hxg5
hxg5 40. Kxg5 Ne7 41. Kf4 Ke6 42. Ke4 b6 43. a4 Nc6 44. a3 Ne5 45. g5 Nf7 46.
g6 Nd6+ 47. Kd4 Nf5+ 48. Ke4 Ng7 49. Kd4 Kd6 50. Kc4 Ne6 51. a5 bxa5 52. a4 Kc6
53. Kc3 Kc5 54. Kb3 Kd4 55. Kb2 Kc4 56. Kc2 Kb4 57. Kd2 Kxa4 58. Ke3 Kb4 59.
Ke4 a4 60. Ke5 Ng7 61. Kf6 a3 62. Kxg7 a2 63. Kh7 a1=Q 64. g7 Qxg7+ 65. Kxg7 a5
66. Kf7 a4 67. Ke6 a3 68. Kd5 a2 69. Ke4 a1=Q 70. Kd5 Qd1+ 71. Ke4 Kc4 72. Ke5
Qd4+ 0-1

[Event "IV Open A"]
[Site "Padova ITA"]
[Date "2001.12.23"]
[Round "5"]
[White "Lain, Luigi"]
[Black "Sinato, Fabrizio"]
[Result "1-0"]
[WhiteElo "1906"]
[BlackElo "1728"]
[PlyCount "51"]
[EventDate "2001.12.15"]

1. d4 Nf6 2. c4 c5 3. d5 b5 4. cxb5 a6 5. e3 g6 6. Nc3 Bg7 7. bxa6 Bxa6 8. Bxa6
Nxa6 9. Nge2 O-O 10. O-O Qc7 11. e4 Ng4 12. f4 c4 13. e5 Nb4 14. h3 Nh6 15. b3
Nf5 16. Kh2 d6 17. g4 Nh6 18. exd6 exd6 19. f5 Be5+ 20. Kg2 Kg7 21. f6+ Bxf6
22. Bxh6+ Kxh6 23. Rxf6 cxb3 24. Qd4 Nc2 25. g5+ Kg7 26. Rxg6+ 1-0

[Event "IV Open A"]
[Site "Padova ITA"]
[Date "2001.12.23"]
[Round "5"]
[White "Opacic, Alexandar"]
[Black "Giacomini, Massimo"]
[Result "1-0"]
[WhiteElo "2113"]
[BlackElo "1884"]
[PlyCount "67"]
[EventDate "2001.12.15"]

1. e4 c5 2. Nf3 e6 3. Nc3 Nc6 4. d4 cxd4 5. Nxd4 a6 6. g3 Bb4 7. Bg2 Qc7 8.
Nde2 Nge7 9. O-O b5 10. a3 Ba5 11. Nd5 Qb8 12. Bf4 e5 13. Be3 O-O 14. Bc5 d6
15. Nxe7+ Nxe7 16. Bxd6 Qa7 17. Bxe5 Rd8 18. Bd4 Qb8 19. Qc1 Bb7 20. a4 Nc6 21.
Be3 b4 22. Nf4 Qe5 23. Nd3 Qe7 24. Nc5 Nd4 25. Bxd4 Rxd4 26. Nxb7 Qxb7 27. e5
Qc8 28. Bxa8 Qxa8 29. Rd1 Re4 30. Re1 Rc4 31. e6 fxe6 32. Rxe6 Qc8 33. Qe3 Bd8
34. Rd1 1-0

[Event "IV Open A"]
[Site "Padova ITA"]
[Date "2001.12.23"]
[Round "5"]
[White "Sartori, Spartaco"]
[Black "Viaggi, Stefano"]
[Result "0-1"]
[WhiteElo "2250"]
[BlackElo "1764"]
[PlyCount "70"]
[EventDate "2001.12.15"]

1. c4 c6 2. Nc3 Nf6 3. d4 d5 4. e3 e6 5. Nf3 Nbd7 6. Bd3 dxc4 7. Bxc4 b5 8. Bd3
Bb7 9. O-O a6 10. e4 c5 11. e5 cxd4 12. Nxb5 Bxf3 13. Qxf3 Nd5 14. Nxd4 Nxe5
15. Qg3 Nxd3 16. Qxd3 Bc5 17. a3 O-O 18. Nf3 Be7 19. b4 Bf6 20. Ra2 Nc3 21.
Qxd8 Rfxd8 22. Rc2 Nb5 23. Ra2 Rac8 24. Bg5 Rd3 25. Bxf6 gxf6 26. a4 Nd4 27.
Rb1 Rb3 28. Raa1 Nxf3+ 29. gxf3 Rxf3 30. Kg2 Rf4 31. Ra3 Rc2 32. Rf3 Rd4 33.
Rxf6 Rcc4 34. b5 Rb4 35. Rc1 axb5 0-1

[Event "IV Open A"]
[Site "Padova ITA"]
[Date "2001.12.23"]
[Round "5"]
[White "Tomba, Ivan"]
[Black "Roberti, Ignazio"]
[Result "1-0"]
[WhiteElo "2109"]
[BlackElo "1796"]
[PlyCount "81"]
[EventDate "2001.12.15"]

1. e4 c5 2. Nf3 d6 3. d4 cxd4 4. Nxd4 Nf6 5. Nc3 g6 6. Be3 Bg7 7. f3 O-O 8. Qd2
Nc6 9. O-O-O d5 10. Kb1 e6 11. h4 Nxd4 12. Bxd4 dxe4 13. Bc5 Qxd2 14. Rxd2 Re8
15. Bb5 Bh6 16. Rdd1 b6 17. Bxe8 Nxe8 18. Be7 exf3 19. gxf3 Bb7 20. Rhf1 Ng7
21. Rd7 Bc6 22. Rc7 Nf5 23. Bf6 Ne3 24. Rf2 Nd5 25. Nxd5 Bxd5 26. f4 Bf8 27.
Be5 Bc5 28. Rd2 Rd8 29. b3 a6 30. Kb2 Rf8 31. c4 f6 32. Bc3 Bd6 33. Ra7 Bxf4
34. cxd5 Bxd2 35. Bxd2 exd5 36. Rxa6 f5 37. Bh6 Rf6 38. Kc3 Re6 39. Ra8+ Kf7
40. Ra7+ Kf6 41. Bg7# 1-0

[Event "IV Open A"]
[Site "Padova ITA"]
[Date "2001.12.23"]
[Round "5"]
[White "Ungaro, Olindo"]
[Black "Carini, Massimo"]
[Result "1-0"]
[WhiteElo "1800"]
[BlackElo "1872"]
[PlyCount "39"]
[EventDate "2001.12.15"]

1. e4 d5 2. exd5 Qxd5 3. Nc3 Qa5 4. d4 Nf6 5. Nf3 Nc6 6. Bd2 Bd7 7. Bc4 Nxd4 8.
Bxf7+ Kxf7 9. Nxd4 Qe5+ 10. Be3 h6 11. Nf3 Qh5 12. Qd4 e6 13. Ne5+ Ke8 14. g4
c5 15. Qf4 Qh3 16. O-O-O Rd8 17. Ne4 Be7 18. Bxc5 Bxc5 19. Nxc5 Rf8 20. Nxb7
1-0

[Event "IV Open A"]
[Site "Padova ITA"]
[Date "2001.12.23"]
[Round "5"]
[White "Zavagli, Massimo"]
[Black "Tomio, Dante"]
[Result "0-1"]
[WhiteElo "1561"]
[BlackElo "1788"]
[PlyCount "62"]
[EventDate "2001.12.15"]

1. d4 d5 2. c4 c6 3. Nc3 Nf6 4. Bg5 Nbd7 5. cxd5 cxd5 6. Nf3 e6 7. e3 Be7 8.
Bd3 O-O 9. O-O a6 10. Qe2 b5 11. Rac1 Bb7 12. Ne5 Nxe5 13. dxe5 Ne4 14. Bxe7
Qxe7 15. Bxe4 dxe4 16. Qg4 Qb4 17. Ne2 Qxb2 18. Nd4 Rac8 19. Nxe6 fxe6 20.
Qxe6+ Kh8 21. Rxc8 Bxc8 22. Qe7 Kg8 23. f4 Qxa2 24. h3 Qe6 25. Qb4 Qc4 26. Qe7
Qc3 27. Qa7 b4 28. g4 b3 29. Qb6 b2 30. Qd4 Qxd4 31. exd4 Be6 0-1

[Event "IV Open A"]
[Site "Padova ITA"]
[Date "2001.12.23"]
[Round "6"]
[White "Cecchetto, Vanni"]
[Black "Bonetti, Carlo"]
[Result "0-1"]
[WhiteElo "2062"]
[BlackElo "1664"]
[PlyCount "54"]
[EventDate "2001.12.15"]

1. Nf3 Nf6 2. c4 b6 3. g3 Bb7 4. Bg2 e6 5. O-O Be7 6. d4 O-O 7. Nc3 Ne4 8. Nd2
Nxc3 9. bxc3 Bxg2 10. Kxg2 d6 11. e4 Bf6 12. Nf3 Nd7 13. Qe2 e5 14. Bb2 Qe7 15.
a4 a5 16. Nd2 exd4 17. cxd4 c5 18. Nf3 Rfe8 19. Rfe1 Rac8 20. e5 cxd4 21. Bxd4
dxe5 22. Be3 Qb4 23. Rec1 e4 24. Nd4 Ne5 25. Rab1 Qxa4 26. Nf5 Qd7 27. Nd4 Nd3
0-1

[Event "IV Open A"]
[Site "Padova ITA"]
[Date "2001.12.23"]
[Round "6"]
[White "Dervishi, Erald"]
[Black "De Bortoli, Peter"]
[Result "1-0"]
[WhiteElo "2501"]
[BlackElo "2194"]
[PlyCount "67"]
[EventDate "2001.12.15"]

1. e4 c5 2. Nf3 d6 3. d4 cxd4 4. Nxd4 Nf6 5. Nc3 a6 6. Be2 e6 7. a4 Be7 8. O-O
O-O 9. Kh1 Qc7 10. f4 Nc6 11. Be3 Bd7 12. Nb3 b6 13. Bf3 Rad8 14. Qe2 Na5 15.
Nd2 d5 16. exd5 exd5 17. Qf2 Bc5 18. Bxc5 bxc5 19. Nxd5 Nxd5 20. Bxd5 Bf5 21.
c4 Rb8 22. Ne4 Bxe4 23. Bxe4 Nxc4 24. Rac1 Nd6 25. Bd5 c4 26. f5 h6 27. f6 g6
28. Qg3 Kh7 29. Bxc4 Qxc4 30. Rxc4 Nxc4 31. h3 Nxb2 32. Rf4 Rbd8 33. Rh4 g5 34.
Qxg5 1-0

[Event "IV Open A"]
[Site "Padova ITA"]
[Date "2001.12.23"]
[Round "6"]
[White "Giacomini, Massimo"]
[Black "Zaccheroni, Dario"]
[Result "1-0"]
[WhiteElo "1884"]
[BlackElo "1500"]
[PlyCount "105"]
[EventDate "2001.12.15"]

1. Nf3 d5 2. c4 d4 3. e3 c5 4. exd4 cxd4 5. d3 Nc6 6. g3 e5 7. Bg2 Bd6 8. O-O
Nge7 9. Nbd2 O-O 10. a3 a5 11. b3 f6 12. Rb1 Rb8 13. Ne4 Bg4 14. h3 Bh5 15. b4
axb4 16. Nxd6 Qxd6 17. axb4 b5 18. c5 Qd7 19. Kh2 Nd5 20. Bd2 Ra8 21. Qc2 Ra4
22. Nh4 Bf7 23. Bxd5 Bxd5 24. f4 Be6 25. f5 Bd5 26. Ra1 Nxb4 27. Bxb4 Rxb4 28.
Ra6 Ra4 29. c6 Qc7 30. Rxa4 bxa4 31. Rc1 Ra8 32. Qc5 Ra5 33. Qa3 Bxc6 34. Qa2+
Kf8 35. Qe6 Bd7 36. Rxc7 Bxe6 37. fxe6 a3 38. e7+ Kf7 39. Nf5 Ra8 40. Nd6+ Ke6
41. e8=Q+ Rxe8 42. Nxe8 f5 43. Nxg7+ Kf6 44. Ne8+ Ke6 45. Kg2 e4 46. dxe4 fxe4
47. Kf2 Kd5 48. Ke2 a2 49. Ra7 Kc4 50. Rxa2 e3 51. Rc2+ Kb3 52. Kd3 h6 53. Ng7
1-0

[Event "IV Open A"]
[Site "Padova ITA"]
[Date "2001.12.23"]
[Round "6"]
[White "Pechy, Alaster"]
[Black "Lain, Luigi"]
[Result "1/2-1/2"]
[WhiteElo "1672"]
[BlackElo "1906"]
[PlyCount "44"]
[EventDate "2001.12.15"]

1. b3 e5 2. Bb2 Nc6 3. c4 Nf6 4. Nc3 Bc5 5. e3 O-O 6. a3 a5 7. d3 d5 8. cxd5
Nxd5 9. Nf3 Bg4 10. Be2 f5 11. O-O Nxc3 12. Bxc3 Qe7 13. Nxe5 Nxe5 14. Bxe5
Qxe5 15. d4 Bxe2 16. Qxe2 Bxd4 17. Qc4+ Kh8 18. exd4 Qd6 19. Rfe1 Rad8 20. Rac1
c6 21. Qc5 Qxc5 22. Rxc5 Kg8 1/2-1/2

[Event "IV Open A"]
[Site "Padova ITA"]
[Date "2001.12.23"]
[Round "6"]
[White "Sinato, Fabrizio"]
[Black "Sartori, Spartaco"]
[Result "0-1"]
[WhiteElo "1728"]
[BlackElo "2250"]
[PlyCount "90"]
[EventDate "2001.12.15"]

1. e4 e6 2. d3 d5 3. Nd2 Nf6 4. e5 Nfd7 5. Ngf3 c5 6. g3 Nc6 7. Qe2 Qc7 8. Bg2
Ndxe5 9. O-O Be7 10. Re1 Nxf3+ 11. Nxf3 O-O 12. c3 b6 13. Bf4 Bd6 14. Bxd6 Qxd6
15. Rad1 a5 16. d4 Ba6 17. Qc2 cxd4 18. Nxd4 Nxd4 19. Rxd4 Rac8 20. b3 Rc5 21.
Rh4 h6 22. Qd2 Rfc8 23. c4 Bb7 24. Rd1 Qc7 25. Rg4 f5 26. Rh4 dxc4 27. Bxb7
Qxb7 28. Rd4 cxb3 29. axb3 Qf3 30. Rd3 Qe4 31. Rd8+ Kh7 32. Rxc8 Rxc8 33. Qd6
Qf3 34. Rb1 Rc6 35. Qd7 Qd5 36. Qe8 Qf3 37. h4 Rc2 38. Rf1 f4 39. Qf7 Qg4 40.
h5 fxg3 41. f4 Qf5 42. Qxf5+ exf5 43. Rf3 Rf2 44. Rxg3 Rxf4 45. Kg2 Rg4 0-1

[Event "IV Open A"]
[Site "Padova ITA"]
[Date "2001.12.23"]
[Round "6"]
[White "Stiz, Massimiliano"]
[Black "Sanavio, Giancarlo"]
[Result "0-1"]
[WhiteElo "1561"]
[BlackElo "1702"]
[PlyCount "98"]
[EventDate "2001.12.15"]

1. e4 Nf6 2. e5 Nd5 3. Nf3 d6 4. Nc3 Nxc3 5. dxc3 Nc6 6. Bf4 Bg4 7. exd6 cxd6
8. Qd3 g6 9. O-O-O Bg7 10. Qe3 Qa5 11. Bc4 h6 12. Bxd6 O-O 13. Ba3 Rac8 14. Bb3
Rfe8 15. h3 Bxf3 16. Qxf3 Ne5 17. Qe4 e6 18. f4 Nc6 19. g4 Bxc3 20. Qf3 Bb4 21.
Bxb4 Qxb4 22. c3 Nd4 23. Qg2 Nxb3+ 24. axb3 Qxb3 25. f5 Rc4 26. fxg6 fxg6 27.
Qc2 Qxc2+ 28. Kxc2 Rc7 29. Rhf1 Rf8 30. Kb3 Rxf1 31. Rxf1 Rf7 32. Rd1 Kg7 33.
Rd3 Kf6 34. Rf3+ Ke7 35. Re3 Rf4 36. c4 Rd4 37. Kb4 Kd6 38. Kc3 e5 39. Rf3 Rf4
40. Rd3+ Ke6 41. Re3 Kf6 42. Kd3 Rf2 43. b3 Ra2 44. Ke4 a5 45. Kd5 Ra3 46. Rf3+
Kg5 47. Re3 Kf4 48. Rxe5 Rxb3 49. Kd4 Rd3+ 0-1

[Event "IV Open A"]
[Site "Padova ITA"]
[Date "2001.12.23"]
[Round "6"]
[White "Tomio, Dante"]
[Black "Caruso, Augusto"]
[Result "0-1"]
[WhiteElo "1788"]
[BlackElo "2260"]
[PlyCount "126"]
[EventDate "2001.12.15"]

1. e4 e6 2. d4 d5 3. exd5 exd5 4. Nf3 Bd6 5. Bd3 Ne7 6. O-O O-O 7. Re1 Ng6 8.
Nc3 c6 9. Ne2 Bg4 10. Ng3 Qc7 11. Bd2 Nd7 12. c3 Rae8 13. Rxe8 Rxe8 14. Bf5 Nf6
15. Bg5 Bxg3 16. Bxg4 Bxf2+ 17. Kxf2 Nxg4+ 18. Kg1 h6 19. Bd2 Nf4 20. Ne5 Nxe5
21. Bxf4 Qb6 22. Qe2 Re6 23. Bxe5 f6 24. Kh1 fxe5 25. Qg4 c5 26. dxc5 Qc6 27.
b4 e4 28. b5 Qe8 29. Rd1 e3 30. Qe2 Re5 31. a4 Qc8 32. c4 Qxc5 33. cxd5 Qd6 34.
h3 Rxd5 35. Rxd5 Qxd5 36. Qxe3 Qd1+ 37. Kh2 Qxa4 38. Qe6+ Kh8 39. Qc8+ Kh7 40.
Qf5+ Kg8 41. Qe6+ Kf8 42. Qc8+ Kf7 43. Qxb7+ Kg6 44. Qc6+ Kh7 45. Qd5 Qf4+ 46.
Kg1 Qe3+ 47. Kh2 Kg6 48. Qc6+ Kf5 49. Qd7+ Kf6 50. Qc6+ Qe6 51. Qc3+ Qe5+ 52.
Qxe5+ Kxe5 53. Kg3 Kd5 54. Kf4 Kc5 55. Kf5 Kxb5 56. Kg6 a5 57. Kxg7 a4 58. Kxh6
a3 59. g4 a2 60. g5 a1=Q 61. h4 Qh8+ 62. Kg6 Qxh4 63. Kf6 Kc6 0-1

[Event "IV Open A"]
[Site "Padova ITA"]
[Date "2001.12.23"]
[Round "6"]
[White "Ungaro, Olindo"]
[Black "Cacco, Christian"]
[Result "1/2-1/2"]
[WhiteElo "1800"]
[BlackElo "2254"]
[PlyCount "109"]
[EventDate "2001.12.15"]

1. e4 g6 2. d4 Bg7 3. Nc3 c6 4. f4 d5 5. e5 h5 6. Nf3 Nh6 7. Be3 Bf5 8. Be2 b5
9. h3 Na6 10. Qd2 Rb8 11. O-O Nc7 12. Bf2 Ne6 13. Ng5 Qd7 14. Bf3 Nc7 15. Rae1
O-O 16. Bd1 f6 17. Nf3 b4 18. Na4 Ne6 19. Nh4 fxe5 20. Nxf5 Nxf5 21. fxe5 Bh6
22. Qd3 Nf4 23. Qb3 Ne6 24. g4 Nfg7 25. Qg3 Bd2 26. Re2 Bg5 27. Ree1 h4 28. Qb3
a5 29. Be3 Qa7 30. Bxg5 Nxg5 31. Qe3 N5e6 32. c3 g5 33. Bc2 Nf4 34. Rxf4 Rxf4
35. Qd3 Kf8 36. Qh7 Rxd4 37. cxd4 Qxd4+ 38. Kf1 Qf4+ 39. Ke2 Qxe5+ 40. Kd1 Qd4+
41. Kc1 Rb5 42. Bg6 e6 43. Rf1+ Ke7 44. Rf7+ Kd6 45. Qxg7 Qg1+ 46. Kd2 Qg2+ 47.
Ke1 Qg3+ 48. Rf2 d4 49. Qf8+ Kc7 50. Qe7+ Kb8 51. Qd8+ Kb7 52. Qd7+ Kb8 53.
Qd8+ Kb7 54. Qd7+ Kb8 55. Qd8+ 1/2-1/2

[Event "IV Open A"]
[Site "Padova ITA"]
[Date "2001.12.23"]
[Round "6"]
[White "Viaggi, Stefano"]
[Black "Opacic, Alexandar"]
[Result "0-1"]
[WhiteElo "1764"]
[BlackElo "2113"]
[PlyCount "88"]
[EventDate "2001.12.15"]

1. Nf3 Nf6 2. d4 d5 3. Bf4 e6 4. e3 Bd6 5. Bxd6 Qxd6 6. c3 Nbd7 7. Nbd2 c6 8.
Bd3 O-O 9. Qc2 e5 10. dxe5 Nxe5 11. Nxe5 Qxe5 12. O-O-O a5 13. Nf3 Qe7 14. h3
a4 15. a3 Ne4 16. Bxe4 dxe4 17. Nd4 Ra5 18. Qe2 Bd7 19. Rd2 c5 20. Nc2 b5 21.
Rhd1 Be6 22. Qh5 f5 23. f4 Ra7 24. Rg1 Bb3 25. g4 b4 26. gxf5 Bxc2 27. f6 Qxf6
28. Qd5+ Kh8 29. Kxc2 bxc3 30. bxc3 Qe7 31. Rb1 h6 32. Rb5 Rc7 33. Qd6 Qf7 34.
Qd5 Qe7 35. Ra5 Rb7 36. Qxc5 Qf7 37. Qd5 Qc7 38. Rxa4 Rc8 39. Qd4 Qb8 40. Rb4
Rxb4 41. Qxb4 Qa8 42. Rd7 Rb8 43. Qd4 Rg8 44. Ra7 Qe8 0-1

[Event "IV Open A"]
[Site "Padova ITA"]
[Date "2001.12.23"]
[Round "6"]
[White "Viola, Matteo"]
[Black "Tomba, Ivan"]
[Result "1/2-1/2"]
[WhiteElo "1916"]
[BlackElo "2109"]
[PlyCount "129"]
[EventDate "2001.12.15"]

1. e4 c5 2. Nc3 e6 3. g3 Nc6 4. Bg2 g6 5. Nge2 Bg7 6. d3 Nge7 7. Be3 Nd4 8. O-O
O-O 9. f4 d6 10. g4 f5 11. h3 Rb8 12. a4 a6 13. Qd2 b5 14. axb5 axb5 15. Rae1
b4 16. Nd1 b3 17. Bxd4 cxd4 18. c3 dxc3 19. Ndxc3 Nc6 20. g5 Nd4 21. Nxd4 Bxd4+
22. Kh1 Qa5 23. Ra1 Qb6 24. Rfe1 Bd7 25. h4 Rfc8 26. exf5 gxf5 27. Rac1 Qa5 28.
Ne4 Qxd2 29. Nxd2 Bxb2 30. Rxc8+ Rxc8 31. Nxb3 Rb8 32. Nc1 Bc3 33. Rf1 Rb2 34.
Bf3 Rb1 35. Kg2 Bb5 36. Ne2 Rxf1 37. Kxf1 Bxd3 38. Kf2 Bd2 39. Kg3 Be3 40. Nc3
Bc4 41. Bc6 d5 42. Nb5 Bc5 43. h5 d4 44. h6 d3 45. Nc3 Bd4 46. Nd1 Bb3 47. Bf3
Kf7 48. Kg2 Ke7 49. Kg3 Kd6 50. Kg2 Kc5 51. Kf1 Kc4 52. Ke1 Bxd1 53. Kxd1 Be3
54. g6 hxg6 55. h7 Bd4 56. Kd2 Bf6 57. Bc6 g5 58. Bd7 Bc3+ 59. Kd1 g4 60. Bxe6+
Kc5 61. Bxf5 g3 62. Bh3 Kd6 63. Bf1 Ke7 64. h8=Q Bxh8 65. Kd2 1/2-1/2

[Event "XXII Memorial Edoardo Crespi Internazionale"]
[Site "Milano ITA"]
[Date "2001.12.03"]
[Round "1"]
[White "Astengo, Marcello"]
[Black "Qendro, Llambi"]
[Result "0-1"]
[WhiteElo "2076"]
[BlackElo "2333"]
[PlyCount "80"]
[EventDate "2001.12.03"]

1.d4 g6 2.c4 Bg7 3.Nc3 d6 4.e4 e5 5.d5 f5 6.exf5 Bxf5 7.Bd3 Nf6 8.Bg5 Na6 
9.Nge2 Qd7 10.Ng3 O-O 11.O-O Rae8 12.Nce4 Nxe4 13.Bxe4 Nc5 14.f3 a5 15.Qd2
b6 16.Rae1 Rf7 17.Be3 Nb7 18.Bc2 Bf6 19.Ne4 Bh4 20.Re2 Bxe4 21.Bxe4 Kh8 
22.f4 exf4 23.Bd4+ Bf6 24.Rxf4 Bxd4+ 25.Qxd4+ Kg8 26.Rh4 Re5 27.Bd3 Rxe2 
28.Bxe2 Nc5 29.Rf4 Qe7 30.Rxf7 Kxf7 31.Qf4+ Qf6 32.Qxf6+ Kxf6 33.Kf2 Ke5 
34.Ke3 Na4 35.b3 Nc3 36.a4 Nxe2 37.Kxe2 Kd4 38.Kd2 h6 39.g4 Ke4 40.Ke2 Kf4
0-1

[Event "XXII Memorial Edoardo Crespi Internazionale"]
[Site "Milano ITA"]
[Date "2001.12.03"]
[Round "1"]
[White "Barberi, Alessandro"]
[Black "Drazic, Sinisa"]
[Result "0-1"]
[WhiteElo "2136"]
[BlackElo "2471"]
[PlyCount "66"]
[EventDate "2001.12.03"]

1.d4 d5 2.c4 dxc4 3.Nf3 Nf6 4.Nc3 a6 5.a4 Nc6 6.e4 Bg4 7.Be3 Na5 8.Be2 
Bxf3 9.Bxf3 e6 10.O-O Bb4 11.Qc2 h6 12.Rad1 O-O 13.g4 Be7 14.Kh1 c6 15.d5 
Qc7 16.Rg1 Nh7 17.Be2 exd5 18.exd5 Rfe8 19.g5 hxg5 20.Bh5 Bf8 21.d6 Bxd6 
22.Bxf7+ Qxf7 23.Rxd6 Qf3+ 24.Rg2 Rad8 25.Rxd8 Rxd8 26.Kg1 Nb3 27.Rg3 Qf7 
28.Qe4 Re8 29.Qg4 b5 30.Rf3 Qe6 31.Qh5 g4 32.Rf4 Rf8 33.Rxg4 Nf6 0-1

[Event "XXII Memorial Edoardo Crespi Internazionale"]
[Site "Milano ITA"]
[Date "2001.12.03"]
[Round "1"]
[White "Burani, Eugenio"]
[Black "De Santis, Alessio"]
[Result "1-0"]
[WhiteElo "2093"]
[BlackElo "2345"]
[PlyCount "71"]
[EventDate "2001.12.03"]

1.e4 c5 2.Nf3 e6 3.d4 cxd4 4.Nxd4 a6 5.Nc3 Qc7 6.Be2 Nf6 7.O-O b5 8.Bf3 e5
9.Nde2 b4 10.Nd5 Nxd5 11.exd5 Bd6 12.Ng3 a5 13.Nf5 O-O 14.Be4 g6 15.Qf3 f6
16.Bh6 gxf5 17.Qxf5 Rf7 18.Qg4+ Kh8 19.Qh5 Re7 20.Bf8 Qd8 21.Bxe7 Qxe7 22.
Rfe1 Na6 23.Re3 Bb7 24.Rh3 Qg7 25.Bxh7 e4 26.Bxe4+ Kg8 27.Qf5 Nc5 28.Rh4 
Nxe4 29.Rxe4 Kf8 30.Rae1 Rc8 31.Rh4 Rc5 32.Rd1 Bc8 33.Rh7 Qg5 34.Rh8+ Kf7 
35.Qh7+ Qg7 36.Qh5+ 1-0

[Event "XXII Memorial Edoardo Crespi Internazionale"]
[Site "Milano ITA"]
[Date "2001.12.03"]
[Round "1"]
[White "Cavatorta, Fosco"]
[Black "Astengo, Corrado"]
[Result "0-1"]
[WhiteElo "2011"]
[BlackElo "2166"]
[PlyCount "56"]
[EventDate "2001.12.03"]

1.Nf3 Nf6 2.g3 b6 3.Bg2 Bb7 4.O-O e6 5.d3 d5 6.Nbd2 Be7 7.c3 O-O 8.Qc2 c5 
9.e4 Nc6 10.Re1 Qc7 11.Nf1 dxe4 12.dxe4 Rad8 13.e5 Nd7 14.Bf4 Rfe8 15.Ne3 
b5 16.h4 Nf8 17.Ng4 Ng6 18.Ng5 Rd7 19.h5 Bxg5 20.Bxg5 Ngxe5 21.Qe4 f5 22.
Qc2 Nxg4 23.Bf4 Qc8 24.Qb3 Na5 25.Qa3 Bxg2 26.Kxg2 Qc6+ 27.f3 Nc4 28.Qb3 
Rd3 0-1

[Event "XXII Memorial Edoardo Crespi Internazionale"]
[Site "Milano ITA"]
[Date "2001.12.03"]
[Round "1"]
[White "Cebalo, Miso"]
[Black "Barlocco, Carlo"]
[Result "1-0"]
[WhiteElo "2492"]
[BlackElo "2139"]
[PlyCount "97"]
[EventDate "2001.12.03"]

1.d4 Nf6 2.c4 e6 3.Nf3 d5 4.Nc3 dxc4 5.e3 a6 6.Bxc4 b5 7.Bd3 c5 8.a4 b4 9.
Ne4 Nbd7 10.O-O Bb7 11.Ng3 Be7 12.Qe2 O-O 13.Rd1 Qb8 14.a5 Rd8 15.Bd2 e5 
16.Bc4 h6 17.Be1 exd4 18.exd4 Re8 19.Ne5 Nxe5 20.dxe5 Bf8 21.f4 Qc8 22.Qc2
Nh7 23.Nf5 Qc6 24.Nd6 Bxd6 25.Rxd6 Qc7 26.Bg3 Red8 27.Rad1 Rxd6 28.exd6 
Qd7 29.Bh4 Qg4 30.Bg3 Nf6 31.Re1 Rd8 32.Re7 Bd5 33.Be2 Qc8 34.f5 Ne8 35.
Qd3 Qc6 36.d7 Nf6 37.Qxa6 Rxd7 38.Qxc6 Bxc6 39.Rxd7 Nxd7 40.Bd6 g6 41.a6 
Nf6 42.fxg6 Ne4 43.Bf3 fxg6 44.a7 Kf7 45.Bxc5 b3 46.Be3 Ke6 47.Bd1 g5 48.
Bxb3+ Ke5 49.Bd1 1-0

[Event "XXII Memorial Edoardo Crespi Internazionale"]
[Site "Milano ITA"]
[Date "2001.12.03"]
[Round "1"]
[White "Crippa, Gabriele"]
[Black "Lazic, Miroljub"]
[Result "0-1"]
[WhiteElo "2118"]
[BlackElo "2449"]
[PlyCount "66"]
[EventDate "2001.12.03"]

1.d4 d5 2.Nf3 c6 3.c3 Bg4 4.Ne5 Bf5 5.Nd2 Nf6 6.Ndf3 Ne4 7.h4 Nd7 8.Nxd7 
Qxd7 9.Ne5 Qd8 10.Bf4 f6 11.Nd3 e6 12.Qb3 b6 13.f3 Nd6 14.O-O-O Be7 15.Nb4
Qd7 16.g4 Bg6 17.Nd3 O-O 18.h5 Bf7 19.Qc2 c5 20.e3 Nc4 21.Qh2 Rfe8 22.Rg1 
h6 23.Ne1 e5 24.dxe5 Nxe5 25.Bxe5 fxe5 26.Bd3 d4 27.Bb1 Qa4 28.g5 Bxg5 29.
Rxg5 hxg5 30.h6 dxe3 31.h7+ Kh8 32.Nc2 e4 33.b3 Qc6 0-1

[Event "XXII Memorial Edoardo Crespi Internazionale"]
[Site "Milano ITA"]
[Date "2001.12.03"]
[Round "1"]
[White "Dalimeg, Alfredo"]
[Black "Maksimenko, Andrei"]
[Result "0-1"]
[WhiteElo "2141"]
[BlackElo "2495"]
[PlyCount "56"]
[EventDate "2001.12.03"]

1.e4 c5 2.Nf3 d6 3.d4 cxd4 4.Nxd4 Nf6 5.Nc3 a6 6.Bg5 e6 7.f4 Nc6 8.Nxc6 
bxc6 9.e5 h6 10.Bh4 g5 11.exf6 gxh4 12.Qf3 d5 13.O-O-O Qxf6 14.Be2 Rb8 15.
Rhe1 Bg7 16.g3 Qe7 17.Na4 hxg3 18.hxg3 O-O 19.c3 c5 20.Bd3 Bb7 21.Qf2 Rfc8
22.Bc2 d4 23.c4 Bc6 24.Rd3 Rb4 25.b3 Bxa4 26.bxa4 Rxc4 27.Qf3 Rxc2+ 28.
Kxc2 c4 0-1

[Event "XXII Memorial Edoardo Crespi Internazionale"]
[Site "Milano ITA"]
[Date "2001.12.03"]
[Round "1"]
[White "Godena, Michele"]
[Black "Rettore, Ludwig"]
[Result "1-0"]
[WhiteElo "2496"]
[BlackElo "2141"]
[PlyCount "61"]
[EventDate "2001.12.03"]

1.e4 e5 2.Nf3 Nc6 3.Bc4 Nf6 4.d3 Be7 5.O-O d6 6.c3 O-O 7.Re1 Na5 8.Bb5 a6 
9.Ba4 b5 10.Bc2 c5 11.Nbd2 Re8 12.Nf1 h6 13.Ng3 Bf8 14.h3 Bb7 15.d4 Qc7 
16.d5 Bc8 17.Nh2 Bd7 18.b3 c4 19.b4 Nb7 20.Qf3 Kh7 21.Ng4 Nxg4 22.hxg4 f6 
23.Nf5 Nd8 24.g3 Nf7 25.Kg2 a5 26.Rh1 axb4 27.cxb4 Ng5 28.Bxg5 fxg5 29.
Nxh6 Bc8 30.Nf7+ Kg6 31.Nh8# 1-0

[Event "XXII Memorial Edoardo Crespi Internazionale"]
[Site "Milano ITA"]
[Date "2001.12.03"]
[Round "1"]
[White "Isonzo, David"]
[Black "Podini, Francesco"]
[Result "1-0"]
[WhiteElo "2343"]
[BlackElo "2085"]
[PlyCount "71"]
[EventDate "2001.12.03"]

1.e4 c5 2.Nf3 e6 3.d4 cxd4 4.Nxd4 Nf6 5.Nc3 d6 6.Bc4 Be7 7.Bb3 Na6 8.f4 
Nc5 9.Qf3 O-O 10.Be3 Nxb3 11.axb3 e5 12.Nf5 Bxf5 13.exf5 e4 14.Nxe4 Nxe4 
15.Qxe4 Bh4+ 16.g3 Re8 17.Qd3 Bf6 18.O-O-O Qa5 19.Kb1 Rac8 20.Rhe1 Red8 
21.g4 h6 22.g5 hxg5 23.fxg5 Be5 24.g6 Rc6 25.Bd2 Qc7 26.gxf7+ Kxf7 27.Qd5+
Kf8 28.Rxe5 Rc5 29.Qf3 Rxe5 30.Bc3 Rb5 31.f6 g6 32.Re1 Re5 33.Bxe5 dxe5 
34.Qe3 Kf7 35.Qh6 Rg8 36.Qh7+ 1-0

[Event "XXII Memorial Edoardo Crespi Internazionale"]
[Site "Milano ITA"]
[Date "2001.12.03"]
[Round "1"]
[White "Lanzani, Mario"]
[Black "Zoldan, Matteo"]
[Result "1-0"]
[WhiteElo "2378"]
[BlackElo "2095"]
[PlyCount "111"]
[EventDate "2001.12.03"]

1.c4 g6 2.e4 Bg7 3.d4 d6 4.Nc3 Nf6 5.f3 O-O 6.Be3 e5 7.d5 c6 8.Bd3 cxd5 9.
cxd5 Ne8 10.Qd2 Nd7 11.Nge2 f5 12.O-O-O Ndf6 13.Kb1 Bd7 14.Qc2 Rf7 15.Qb3 
f4 16.Bf2 g5 17.h3 h5 18.Rc1 Nh7 19.Bb5 g4 20.hxg4 hxg4 21.Bxd7 Qxd7 22.
Rh5 g3 23.Be1 Bf6 24.Nb5 Bd8 25.Na3 Nhf6 26.Rh1 Rh7 27.Bc3 Rxh1 28.Rxh1 
Rc8 29.Nc4 b5 30.Nxe5 dxe5 31.Bxe5 Rc4 32.Nxf4 Bc7 33.Nd3 a6 34.d6 Bxd6 
35.Bxf6 Nxf6 36.e5 Bxe5 37.Nxe5 Qf5+ 38.Nd3 Nd5 39.Ka1 Ne3 40.Nb4 Nxg2 41.
a3 Nh4 42.Rxh4 g2 43.Rg4+ Qxg4 44.fxg4 g1=Q+ 45.Ka2 Qa7 46.g5 Kg7 47.Qh3 
Qf7 48.Qh6+ Kg8 49.g6 Qg7 50.Qg5 Rd4 51.Nd5 Rxd5 52.Qxd5+ Kh8 53.Qd8+ Qg8+
54.Qxg8+ Kxg8 55.Kb3 Kg7 56.Kb4 1-0

[Event "XXII Memorial Edoardo Crespi Internazionale"]
[Site "Milano ITA"]
[Date "2001.12.03"]
[Round "1"]
[White "Lapiccirella, Mattia"]
[Black "Battistella, Stefano"]
[Result "1-0"]
[WhiteElo "2164"]
[BlackElo "2024"]
[PlyCount "57"]
[EventDate "2001.12.03"]

1.d4 e6 2.c4 b6 3.Nf3 Bb4+ 4.Bd2 Bxd2+ 5.Nbxd2 Bb7 6.Qb3 Nf6 7.g3 O-O 8.
Bg2 d6 9.O-O Nbd7 10.Rfd1 Qe7 11.Nf1 c5 12.Ne3 cxd4 13.Nxd4 Nc5 14.Qa3 
Bxg2 15.Kxg2 Qb7+ 16.f3 d5 17.cxd5 Nxd5 18.Nb5 Qa6 19.Nxd5 Qxb5 20.Nc3 Qc4
21.Rac1 e5 22.b3 Qe6 23.b4 Nb7 24.Nb5 Rfc8 25.Nc7 Qe7 26.Nxa8 Rxa8 27.Qc3 
Nd6 28.Qc6 Rd8 29.Qxd6 1-0